<?xml version="1.0" encoding="UTF-8"?>
<resp>
  <nextPage>https://data.bn.org.pl/api/networks/bibs.marcxml?marc=001+b1000000510395&amp;sinceId=1000000510396</nextPage>
  <collection>
    <record xmlns='http://www.loc.gov/MARC21/slim'><leader>01797nkm a2200493 i 4500</leader><controlfield tag='001'>b1000000510395</controlfield><controlfield tag='005'>20241203220042.3</controlfield><controlfield tag='007'>kj#ho##</controlfield><controlfield tag='008'>200218s1817    xx nnn            anger  </controlfield><controlfield tag='009'>9911332647005606</controlfield><datafield ind1=' ' ind2=' ' tag='035'><subfield code='a'>(PL)b1000000510395</subfield></datafield><datafield ind1=' ' ind2=' ' tag='040'><subfield code='a'>WA N</subfield><subfield code='c'>WA N</subfield><subfield code='d'>WA N</subfield></datafield><datafield ind1=' ' ind2=' ' tag='046'><subfield code='k'>1817</subfield></datafield><datafield ind1='1' ind2=' ' tag='100'><subfield code='a'>Löwe, C. G.</subfield><subfield code='e'>Rytownik</subfield></datafield><datafield ind1='1' ind2='0' tag='245'><subfield code='a'>Plan des Cavalier Berges bei Hirschberg /</subfield><subfield code='c'>gest. von C. G. Löwe 1817 in Breslau ; aufgenom[m]en von Böhm [...] zu Hirschberg i. J. 1816.</subfield></datafield><datafield ind1=' ' ind2=' ' tag='260'><subfield code='c'>1817.</subfield></datafield><datafield ind1=' ' ind2=' ' tag='300'><subfield code='a'>1 grafika :</subfield><subfield code='b'>akwaforta, odbitka kolorowana ;</subfield><subfield code='c'>26,2x38,8 cm.</subfield></datafield><datafield ind1=' ' ind2=' ' tag='336'><subfield code='a'>Obraz</subfield><subfield code='b'>sti</subfield><subfield code='2'>rdacontent</subfield></datafield><datafield ind1=' ' ind2=' ' tag='337'><subfield code='a'>Bez urządzenia pośredniczącego</subfield><subfield code='b'>n</subfield><subfield code='2'>rdamedia</subfield></datafield><datafield ind1=' ' ind2=' ' tag='338'><subfield code='a'>Arkusz</subfield><subfield code='b'>nb</subfield><subfield code='2'>rdacarrier</subfield></datafield><datafield ind1=' ' ind2=' ' tag='380'><subfield code='a'>Grafiki</subfield></datafield><datafield ind1='1' ind2=' ' tag='388'><subfield code='a'>1801-1900</subfield></datafield><datafield ind1=' ' ind2=' ' tag='500'><subfield code='a'>Tytuł na kompozycji.</subfield></datafield><datafield ind1=' ' ind2=' ' tag='500'><subfield code='a'>Sygnowana pod kompozycją. Sygnatura autora wzoru częściowo wytarta.</subfield></datafield><datafield ind1=' ' ind2=' ' tag='500'><subfield code='a'>Autorem wzoru jest prawdopodobnie A. Böhm.</subfield></datafield><datafield ind1=' ' ind2=' ' tag='507'><subfield code='a'>Skala w stopach reńskich.</subfield></datafield><datafield ind1=' ' ind2='7' tag='651'><subfield code='a'>Jelenia Góra (woj. dolnośląskie)</subfield><subfield code='2'>DBN</subfield></datafield><datafield ind1=' ' ind2='7' tag='651'><subfield code='a'>Wzgórze Kościuszki (Jelenia Góra)</subfield><subfield code='2'>DBN</subfield></datafield><datafield ind1=' ' ind2='7' tag='655'><subfield code='a'>Mapy</subfield><subfield code='2'>DBN</subfield></datafield><datafield ind1=' ' ind2='7' tag='655'><subfield code='a'>Akwaforta</subfield><subfield code='2'>DBN</subfield></datafield><datafield ind1='1' ind2=' ' tag='700'><subfield code='a'>Böhm, A.</subfield><subfield code='e'>Autor domniemany.</subfield><subfield code='e'>Autor wzoru</subfield></datafield><datafield ind1=' ' ind2=' ' tag='852'><subfield code='b'>48OMNIS_NETWORK</subfield><subfield code='8'>9911332647005606</subfield></datafield><datafield ind1=' ' ind2=' ' tag='852'><subfield code='b'>48OMNIS_NLOP</subfield><subfield code='8'>991052608438105066</subfield></datafield><datafield ind1=' ' ind2=' ' tag='852'><subfield code='8'>22605720060005066</subfield><subfield code='j'>1</subfield><subfield code='h'>G.25425/II</subfield><subfield code='b'>BN_PL</subfield><subfield code='p'>888a0499460</subfield><subfield code='c'>bikon</subfield><subfield code='z'>na rewersie pieczątka &quot;Reichsgräfl.-Schaffgotsch&apos;sche Majoratsbibliothek zu Warmbrunn&quot;</subfield></datafield></record>
  </collection>
</resp>
